=LDR 00000nam 2200000 4500 =001 INLIS000000000046766 =005 20201120071335 =035 ##$$a 0010-051500000000025 =008 201120################g##########0#ind## =020 ##$$a 979-461-510-2 =082 ##$$a 323.3 =100 ##$$a Sjahrir =245 1#$$a Transisi menuju Indonesia baru /$c Sjahrir =260 ##$$a jakarta :$b Yayasan Obor,$c 2004 =300 ##$$a x,366 Hlm ; $c 21 x 15 cm =850 ##$$aNBPNMAT =084 ##$$a 323.3 SJA t =500 ##$$a Indeks: halaman 357-367 =650 #4$$a Politik =990 ##$$a 30701123 =990 ##$$a 30701122 =990 ##$$a 30701124